Score 0/26 Timer 06:00
0 Plays Today
A-Z Scrambled A-Z Unscrambled % Correct
SAJWJaws
94.9%
LUZUZulu
92.9%
VITEAEvita
85.6%
KRESHShrek
84.8%
VOLIER!Oliver!
80.2%
LENTYYentl
75.2%
GROAFFargo
74.2%
DADINALAladdin
71.5%
DUXANAXanadu
68.3%
LEKUTKlute
61.8%
FUNNORVIGEUnforgiven
60.3%
GOVERITVertigo
60.2%
TITLULBBullitt
59.3%
A-Z Scrambled A-Z Unscrambled % Correct
TAILLOLolita
54.1%
CRABETACabaret
52.1%
TERLARDWOWWaterworld
49.1%
LOPRETIGETSPoltergeist
45.9%
SOITTOETootsie
42.9%
THAIRSIshtar
36.4%
ROWNKETNetwork
32.9%
AQUARODHEPINQuadrophenia
31.9%
ROMEHURSRushmore
26%
SHEETHARHeathers
26%
KURTCOMONSMoonstruck
23.9%
VEEERCLANIDDeliverance
19.1%
HAGGLISTGaslight
16.2%
Remove Ads.
Support Sporcle.
Get the best of Sporcle when you Go Orange. This ad-free experience offers more features, more stats, and more fun while also helping to support Sporcle. Thank you for becoming a member.

You're not logged in!

Compare scores with friends on all Sporcle quizzes.
OR
Log In

Show Comments

Extras

Top Quizzes Today


Score Distribution

Your Account Isn't Verified!

In order to create a playlist on Sporcle, you need to verify the email address you used during registration. Go to your Sporcle Settings to finish the process.

Report this User

Report this user for behavior that violates our Community Guidelines.

Details: